JToH Acronyms Last Update: 5/20/22 - Statistics

General Stats
  • This quiz has been taken 695 times
    243 since last reset
  • The average score is 121 of 310
Answer Stats
Hints Towers % Correct
3 ToA
98%
300 ToAS
95%
4 ToM
94%
1 ToAST
91%
8 ToS
88%
6 ToH
87%
10 ToR
85%
52 ToI
84%
5 ToK
84%
19 ToT
84%
233 CoL
81%
278 ToG
81%
15 NEAT
80%
38 ToD
80%
33 ToF
80%
107 ToP
80%
13 TT
80%
39 ToC
79%
45 ToE
79%
119 ToB
78%
7 ToKY
78%
131 ToO
78%
73 ToN
77%
12 ToTS
77%
9 ToSP
76%
11 ToIE
75%
304 ToW
75%
44 ToL
74%
85 ToU
74%
14 CoLS
73%
203 ToV
68%
27 CoWS
67%
116 ToZ
65%
94 ToAA
64%
20 ToDD
64%
295 ToPS
64%
25 ToDC
63%
17 ToOH
62%
28 MAT
61%
149 ToX
61%
24 ToES
59%
47 ToLL
59%
118 CoP
58%
294 ToBH
58%
18 ToCH
58%
43 ToGG
58%
21 ToSD
58%
146 ToBB
56%
23 ToTF
56%
40 CoHaD
55%
88 ToER
55%
101 ToGF
55%
174 ToAAA
54%
227 ToCA
54%
232 ToCP
54%
22 ToFaF
54%
29 ToFT
54%
170 ToSS
54%
105 ToAD
53%
32 ToAT
53%
41 TAT
52%
80 ToDA
52%
30 ToIC
52%
79 ToCC
51%
58 ToFF
51%
158 ToHH
51%
34 ToWER
51%
177 SoP
50%
231 ToCR
50%
42 ToSH
50%
76 CoSR
49%
31 ToDS
49%
37 ToLD
49%
310 ToMM
49%
81 ToOOO
49%
110 ToYS
49%
197 CoU
48%
205 ToII
48%
230 ToAM
47%
223 ToBBB
47%
224 ToBT
47%
86 ToEH
47%
75 ToIM
47%
67 ToRR
47%
127 ToTT
47%
244 ToTTT
47%
64 CoCR
46%
133 CoGS
46%
175 CoQ
46%
89 CoTE
46%
51 ToCN
46%
132 ToDT
46%
62 ToGaH
46%
143 ToIA
46%
207 ToIS
46%
50 ToNP
46%
90 ToSSS
46%
248 ToSSSS
46%
87 ToTB
46%
117 ToTL
46%
211 SoC
45%
103 ToAB
45%
100 ToEI
45%
60 ToTH
45%
46 ToTM
45%
36 ToWH
45%
308 CoTaW
44%
63 ToFN
44%
225 ToHA
44%
49 ToHF
44%
222 ToPP
44%
55 ToRS
44%
35 ToSI
44%
74 ToSM
44%
272 ToSF
43%
99 ToSO
43%
2 ToSU
43%
48 ToDaD
42%
128 ToEE
42%
66 ToEP
42%
280 ToIB
42%
229 ToNS
42%
77 ToRB
42%
164 ToWW
42%
228 ToBK
41%
148 ToCCC
41%
109 ToCO
41%
65 ToFJ
41%
108 ToMH
41%
271 ToOE
41%
298 ToRC
41%
120 ToSA
41%
209 SoMD
40%
259 ToAR
40%
59 ToEA
40%
114 ToED
40%
83 ToNED
40%
82 ToNGUE
40%
53 ToNV
40%
68 ToTI
40%
111 ToWEL
40%
84 ToYV
40%
102 CoCHS
39%
171 ToDDD
39%
226 ToFaCT
39%
78 ToFL
39%
61 ToFO
39%
106 ToHS
39%
104 ToPHaT
39%
98 ToVE
39%
93 ToITI
38%
150 ToMA
38%
57 ToOC
38%
16 ToOEZ
38%
311 ToZD
38%
159 CoTS
37%
112 ToAV
37%
56 ToDM
37%
72 ToDR
37%
130 ToGD
37%
69 ToIaOS
37%
173 ToIF
37%
96 ToIII
37%
97 ToMT
37%
115 ToRNI
37%
309 ToTDA
37%
95 ToUS
37%
113 ToUT
37%
219 WBaT
37%
261 CoCE
36%
282 SoO
36%
305 ToAF
36%
220 ToGO
36%
179 CoWN
35%
129 ToAZ
35%
54 ToGKD
35%
91 ToNBA
35%
221 ToQT
35%
247 ToST
35%
122 ToTA
35%
123 ToUD
35%
92 ToVA
35%
161 ToAC
34%
26 ToDCC
34%
297 ToFD
34%
154 ToIO
34%
204 ToJGF
34%
145 ToOD
34%
293 ToPA
34%
260 ToPZ
34%
206 ToTC
34%
284 SoN
33%
70 ToaDF
33%
165 ToET
33%
153 ToRCH
33%
142 SoMC
32%
157 ToCaUP
32%
124 ToDaC
32%
151 ToDH
32%
169 ToFG
32%
121 ToGLA
32%
71 ToISC
32%
144 ToSFU
32%
172 ToTV
32%
258 ToZA
32%
141 SoWC
31%
257 ToBaBT
31%
152 ToCaS
31%
208 ToDE
31%
254 ToGT
31%
256 ToHE
31%
155 ToMC
31%
125 ToSaS
31%
136 SoAP
30%
281 SoBJ
30%
253 ToHK
30%
303 ToHL
30%
306 ToMO
30%
212 SoHP
29%
214 SoUR
29%
299 ToCF
29%
166 ToPC
29%
126 ToPF
29%
156 ToQC
29%
163 ToUID
29%
246 PaT
28%
292 SoBA
28%
283 SoDS
28%
255 ToAO
28%
249 ToBS
28%
147 ToCOF
28%
162 ToFaST
28%
168? ToMIM
28%
252 ToUE
28%
210 SoTP
27%
160 ToFSC
27%
302 ToHM
27%
134 SoBT
26%
234 SoMM
26%
178 SoWP
26%
236 SoAR
25%
140 SoCA
25%
289 SoFF
25%
213 SoLW
25%
139 SoME
25%
307 ToBC
25%
301 ToBiBi
25%
250 ToFV
25%
251 ToStS
25%
245 ToCI
24%
239 SoHS
23%
138 SoTC
23%
290 SoVV
23%
135 SoAS
22%
235 SoAU
22%
243 SoDD
22%
288 SoGP
22%
287 SoLIQ
22%
237 SoSIS
22%
242 SoUB
22%
176 SoFM
21%
291 SoFW
21%
285 SoIF
21%
137 SoRO
21%
238 SoDI
20%
241 SoUC
20%
286 SoOA
19%
240 SoCF
17%
192 ToAH
17%
274 ToAP
17%
267 ToCD
14%
265 ToFC
13%
276 ToMR
12%
263 ToPO
12%
296 CoFS
11%
201 SoCT
11%
200 SoPP
11%
218 ToHCF
11%
279 ToSBC
11%
264 ToDW
10%
202 CoHP
9%
196 SoNBC
9%
198 SoRC
9%
189 SoTaT
9%
266 ToOSE
9%
185 SoCC
8%
199 SoMF
8%
216 SoWE
8%
217 SoWS
8%
262 ONaT
7%
275 SoAE
7%
184 SoFT
7%
191 SoMT
7%
181 SoRP
7%
215 SoST
7%
270 ToASH
7%
268 ToMaV
7%
269 ToPV
7%
277 ToTEP
7%
183 SoAG
6%
193 SoEA
6%
190 SoHT
6%
195 SoJV
6%
182 SoRMR
6%
273 ToVR
6%
180 SoBV
5%
194 SoFFI
5%
187 SoCH
4%
188 SoES
4%
186 SoSJ
3%
No matching quizzes found
Score Distribution
Percent of People with Each Score
Percentile by Number Answered
Your Score History
You have not taken this quiz since the last reset